Structured Programming Approach in C (Record no. 13207)

MARC details
000 -LEADER
fixed length control field 00462nam a22001817a 4500
003 - CONTROL NUMBER IDENTIFIER
control field OSt
008 - FIXED-LENGTH DATA ELEMENTS--GENERAL INFORMATION
fixed length control field 250402b |||||||| |||| 00| 0 eng d
020 ## - INTERNATIONAL STANDARD BOOK NUMBER
International Standard Book Number 9789360538415
082 ## - DEWEY DECIMAL CLASSIFICATION NUMBER
Classification number 005.133 AFC
100 ## - MAIN ENTRY--PERSONAL NAME
Personal name AFYOUNI,Hassan
245 ## - TITLE STATEMENT
Title Structured Programming Approach in C
250 ## - EDITION STATEMENT
Edition statement 4th Ed
260 ## - PUBLICATION, DISTRIBUTION, ETC. (IMPRINT)
Place of publication, distribution, etc New Delhi
Name of publisher, distributor, etc Cengage
Date of publication, distribution, etc 2025
300 ## - PHYSICAL DESCRIPTION
Extent 883
650 ## - SUBJECT ADDED ENTRY--TOPICAL TERM
Topical term or geographic name as entry element Structured Programming Approach in C
700 ## - ADDED ENTRY--PERSONAL NAME
Personal name FOROUZAN,Behrouz A
942 ## - ADDED ENTRY ELEMENTS (KOHA)
Source of classification or shelving scheme Dewey Decimal Classification
Koha item type Text Books
Holdings
Withdrawn status Lost status Source of classification or shelving scheme Damaged status Not for loan Collection code Home library Current library Date acquired Source of acquisition Currency Cost, normal purchase price Bill Number Total Checkouts Full call number Acc. no. / Barcode Date last seen Actual Cost, discounted price Bill Date Koha item type Date last borrowed
    Dewey Decimal Classification     B.Tech(CSE) PIET C-LIBRARY PIET C-LIBRARY 28/03/2025 Zaffa Books INR 895.00 ZBD0587   005.133 AFC 38894 02/04/2025 644.40 28/03/2025 Reference Books  
    Dewey Decimal Classification     B.Tech(CSE) PIET C-LIBRARY PIET C-LIBRARY 28/03/2025 Zaffa Books INR 895.00 ZBD0587 3 005.133 AFC 38895 27/11/2025 644.40 28/03/2025 Text Books 14/11/2025

Design & Developed by: PIET Central Library
R70 Miles Stone Pattikalyana Samalkha Panipat 132102
mail ID :- [email protected], Phone No:- 0180-2569700 Ex.216